[Event "DVM U20 2024"]
[Site "Breisach am Rhein GER"]
[Date "2024.12.28"]
[Round "3"]
[White "Vecera, Fabio"]
[Black "Spillner, Ladis"]
[Result "1-0"]
[Termination "normal"]
[Board "6.6"]
[WhiteElo "1673"]
[BlackElo "1752"]
[WhiteTeam "VfB Schach Leipzig"]
[BlackTeam "SK Freiburg-Zähringen 1887"]
[PlyCount "87"]
[WhiteFideId "16281705"]
[BlackFideId "16217764"]
[EventCountry "GER"]
[EventRounds "7"]
[EventType "team-swiss"]
[EventDate "2024.12.26"]

1. Nf3 Nf6 2. c4 c5 3. g3 g6 4. Bg2 Bg7 5. O-O Nc6 6. Nc3 O-O 7. d4 cxd4 8.
Nxd4 Nxd4 9. Qxd4 d6 10. Qd2 Qc7 11. b3 Bd7 12. Bb2 Bc6 13. Rfd1 Bxg2 14. Kxg2
Qc6+ 15. Kg1 Rfc8 16. Nd5 Nxd5 17. Bxg7 Kxg7 18. Qxd5 Qxd5 19. Rxd5 a5 20. a4
b6 21. Rb5 Kf6 22. Rxb6 Rcb8 23. Rb5 Rxb5 24. axb5 Ke5 25. b6 Kd4 26. Rxa5 Rb8
27. Rb5 Rb7 28. Kg2 e6 29. Kf3 h6 30. g4 f6 31. h4 g5 32. h5 f5 33. gxf5 exf5
34. Rd5+ Kc3 35. Rxd6 Kxb3 36. c5 Kb4 37. c6 Rxb6 38. c7 Rxd6 39. c8=Q Kb5 40.
Qxf5+ Kc6 41. Qc8+ Kd5 42. e4+ Ke5 43. Qc7 Ke6 44. Qg7 1-0

[Event "DVM U20 2024"]
[Site "Breisach am Rhein GER"]
[Date "2024.12.28"]
[Round "3"]
[White "Liebold, Aaron"]
[Black "Helmbrecht, Paul"]
[Result "1-0"]
[Termination "normal"]
[Board "7.1"]
[WhiteElo "2070"]
[BlackElo "1988"]
[WhiteTeam "ESV Gera"]
[BlackTeam "FC Ergolding 1932"]
[PlyCount "87"]
[WhiteFideId "12997846"]
[BlackFideId "16270932"]
[EventCountry "GER"]
[EventRounds "7"]
[EventType "team-swiss"]
[EventDate "2024.12.26"]

1. e4 e5 2. Nf3 Nf6 3. d4 Nxe4 4. Bd3 Nc6 5. Nxe5 Nxe5 6. dxe5 d5 7. exd6 Nxd6
8. O-O Be6 9. Re1 Qd7 10. Be3 Nf5 11. Qf3 Be7 12. Qxb7 O-O 13. Qe4 g6 14. Bd2
c5 15. b3 Bf6 16. Nc3 Rfe8 17. Qf3 Bg7 18. Rad1 Rac8 19. Ne4 Bd5 20. c4 Be6 21.
Bg5 Qc7 22. Nf6+ Bxf6 23. Bxf6 Nd4 24. Qe3 Qd6 25. Be5 Qf8 26. Qg5 Qe7 27. Qf4
Bf5 28. Bxf5 Nxf5 29. Bc3 Qb7 30. Qg5 Nd4 31. Qf6 Qb6 32. Rxe8+ Rxe8 33. Bxd4
cxd4 34. Qxb6 axb6 35. Kf1 Rd8 36. Ke2 f5 37. Kd3 Kf7 38. Re1 Kf6 39. a4 h6 40.
b4 Ra8 41. Ra1 Ke5 42. a5 Ra6 43. b5 Ra7 44. Re1+ 1-0

[Event "DVM U20 2024"]
[Site "Breisach am Rhein GER"]
[Date "2024.12.28"]
[Round "3"]
[White "Lichtinger, Simon"]
[Black "Helmsdorf, Marius"]
[Result "0-1"]
[Termination "normal"]
[Board "7.2"]
[WhiteElo "1909"]
[BlackElo "1967"]
[WhiteTeam "FC Ergolding 1932"]
[BlackTeam "ESV Gera"]
[PlyCount "62"]
[WhiteFideId "16230442"]
[BlackFideId "16274873"]
[EventCountry "GER"]
[EventRounds "7"]
[EventType "team-swiss"]
[EventDate "2024.12.26"]

1. e4 e6 2. d4 d5 3. e5 c5 4. c3 Nc6 5. Nf3 Bd7 6. Be2 Nge7 7. Na3 cxd4 8. cxd4
Nf5 9. Nc2 Qb6 10. O-O Rc8 11. Kh1 Na5 12. Ne3 Nxe3 13. fxe3 Be7 14. e4 dxe4
15. Ng5 Bxg5 16. Bxg5 Nc6 17. Bh5 O-O 18. Qg4 Kh8 19. Rxf7 Rxf7 20. Bxf7 Qxd4
21. Rd1 Qxb2 22. Qxe4 Qxe5 23. Qxe5 Nxe5 24. Bh5 Bb5 25. Bf4 Nd3 26. Bg3 Rc2
27. Bf7 Bc4 28. a3 Ra2 29. h3 Rxa3 30. Rf1 Ne5 31. Rf4 Rxg3 0-1

[Event "DVM U20 2024"]
[Site "Breisach am Rhein GER"]
[Date "2024.12.28"]
[Round "3"]
[White "Barz, Henrik"]
[Black "Klein, Maxim"]
[Result "1-0"]
[Termination "normal"]
[Board "7.3"]
[WhiteElo "1735"]
[BlackElo "1701"]
[WhiteTeam "ESV Gera"]
[BlackTeam "FC Ergolding 1932"]
[PlyCount "95"]
[WhiteFideId "34628320"]
[BlackFideId "16281632"]
[EventCountry "GER"]
[EventRounds "7"]
[EventType "team-swiss"]
[EventDate "2024.12.26"]

1. e4 e5 2. Nf3 Nf6 3. Nc3 Nc6 4. Bc4 Bc5 5. O-O d6 6. h3 O-O 7. d3 h6 8. Ne2
a6 9. a4 Be6 10. Bxe6 fxe6 11. Ng3 Nd4 12. Nxd4 Bxd4 13. Qe2 Nh7 14. Qg4 Nf6
15. Qxe6+ Kh8 16. Nf5 Ba7 17. Kh1 Qd7 18. Qxd7 Nxd7 19. f4 Rf6 20. fxe5 dxe5
21. Bd2 Raf8 22. g4 Rc6 23. Bc3 Re8 24. Ng3 Rf6 25. Rf5 Rxf5 26. Nxf5 Kh7 27.
Rf1 Bc5 28. Kg2 Be7 29. Nxe7 Rxe7 30. a5 b6 31. axb6 cxb6 32. Bb4 Nc5 33. Bxc5
bxc5 34. Ra1 Rb7 35. b3 Rb6 36. Ra5 Rc6 37. Kf3 Kg6 38. h4 Rf6+ 39. Ke3 Rf4 40.
Rxa6+ Kh7 41. g5 h5 42. Re6 Rxh4 43. Rxe5 Rg4 44. Kf3 Kg6 45. Rxc5 Rxg5 46.
Rxg5+ Kxg5 47. b4 h4 48. b5 1-0

[Event "DVM U20 2024"]
[Site "Breisach am Rhein GER"]
[Date "2024.12.28"]
[Round "3"]
[White "Lohr, Alexander"]
[Black "Hanmuradov, Ülwi"]
[Result "1/2-1/2"]
[Termination "normal"]
[Board "7.4"]
[WhiteElo "1612"]
[BlackElo "1826"]
[WhiteTeam "FC Ergolding 1932"]
[BlackTeam "ESV Gera"]
[PlyCount "66"]
[WhiteFideId "16297865"]
[BlackFideId "34658840"]
[EventCountry "GER"]
[EventRounds "7"]
[EventType "team-swiss"]
[EventDate "2024.12.26"]

1. e4 c5 2. Nf3 Nc6 3. Bb5 Nf6 4. e5 Nd5 5. O-O g6 6. Nc3 Nc7 7. Bxc6 dxc6 8.
Re1 Bg7 9. d3 O-O 10. Bf4 h6 11. Qd2 g5 12. Bg3 Bf5 13. h4 g4 14. Nh2 h5 15.
Qg5 Bg6 16. e6 Nd5 17. Nxd5 cxd5 18. exf7+ Kxf7 19. Qe3 Qd7 20. Be5 Bf6 21. Re2
b6 22. g3 d4 23. Qf4 Qf5 24. Qxf5 Bxf5 25. Bxf6 exf6 26. Rae1 Rfe8 27. Nf1 Re6
28. Nd2 Rae8 29. Rxe6 Rxe6 30. Rxe6 Kxe6 31. Kf1 Kd5 32. Ke2 b5 33. b3 a6
1/2-1/2

[Event "DVM U20 2024"]
[Site "Breisach am Rhein GER"]
[Date "2024.12.28"]
[Round "3"]
[White "Frank, Marian"]
[Black "Lieder, Dominik"]
[Result "0-1"]
[Termination "normal"]
[Board "7.5"]
[WhiteElo "1747"]
[BlackElo "1568"]
[WhiteTeam "ESV Gera"]
[BlackTeam "FC Ergolding 1932"]
[PlyCount "94"]
[WhiteFideId "16245059"]
[BlackFideId "16281209"]
[EventCountry "GER"]
[EventRounds "7"]
[EventType "team-swiss"]
[EventDate "2024.12.26"]

1. e4 c5 2. Nf3 e6 3. d4 cxd4 4. Nxd4 a6 5. c4 Qc7 6. Nc3 Nf6 7. Bg5 Be7 8. Be2
h6 9. Be3 Bb4 10. Qc2 Nc6 11. O-O O-O 12. f4 Bc5 13. Qd2 Qb6 14. Rad1 Bxd4 15.
Bxd4 Nxd4 16. Qxd4 Qxb2 17. Rf3 Qb4 18. Rg3 Qe7 19. e5 Ne8 20. Rdd3 g6 21. Ne4
b5 22. Rh3 Kg7 23. Rdg3 Bb7 24. Qe3 Rh8 25. Qd4 bxc4 26. Bh5 Kf8 27. Nd6 Bc6
28. Bxg6 fxg6 29. Rxg6 Rg8 30. Rgxh6 Bxg2 31. Rg3 Rxg3 32. hxg3 Qg7 33. Rh2 Bd5
34. Ne4 d6 35. Ng5 dxe5 36. Qc5+ Kg8 37. Rh7 Qg6 38. Qb6 exf4 39. gxf4 c3 40.
Qb4 Nf6 41. Rc7 Ne4 42. Qb1 Rf8 43. Qc1 Nxg5 44. fxg5 Qf5 45. Qe3 Qf1+ 46. Kh2
Qh1+ 47. Kg3 Rf3+ 0-1

[Event "DVM U20 2024"]
[Site "Breisach am Rhein GER"]
[Date "2024.12.28"]
[Round "3"]
[White "Paringer, Jakob"]
[Black "Schulter, Moritz"]
[Result "1/2-1/2"]
[Termination "normal"]
[Board "7.6"]
[WhiteElo "1531"]
[BlackElo "1762"]
[WhiteTeam "FC Ergolding 1932"]
[BlackTeam "ESV Gera"]
[PlyCount "78"]
[WhiteFideId "34605134"]
[BlackFideId "16245067"]
[EventCountry "GER"]
[EventRounds "7"]
[EventType "team-swiss"]
[EventDate "2024.12.26"]

1. c4 e5 2. g3 Nf6 3. Bg2 c6 4. Nf3 e4 5. Nd4 Qb6 6. Nb3 d5 7. d3 Bb4+ 8. Bd2
O-O 9. O-O Bxd2 10. Qxd2 Na6 11. Nc3 exd3 12. exd3 dxc4 13. dxc4 Be6 14. Qf4
Qb4 15. Rad1 Rad8 16. Rd2 Qxc4 17. Nd4 Nd5 18. Bxd5 cxd5 19. Rfd1 Qc7 20. Qxc7
Nxc7 21. Nxe6 fxe6 22. Kf1 Rf7 23. Rd3 Rdf8 24. R1d2 g5 25. Kg2 Kg7 26. Re2 h5
27. h3 Rf6 28. Red2 R8f7 29. Re2 Kf8 30. Kg1 Kg7 31. Kg2 Rd7 32. Kg1 Kg6 33. g4
hxg4 34. hxg4 Rh7 35. f3 Rhf7 36. Kg2 Rf8 37. Kg3 Kg7 38. Kg2 Kg6 39. Kg3 Kg7
1/2-1/2

[Event "DVM U20 2024"]
[Site "Breisach am Rhein GER"]
[Date "2024.12.28"]
[Round "3"]
[White "Neves, Carlos"]
[Black "Gallas, Noel"]
[Result "0-1"]
[Termination "normal"]
[Board "8.1"]
[WhiteElo "1879"]
[BlackElo "2115"]
[WhiteTeam "OSG Baden-Baden"]
[BlackTeam "SF Essen-Katernberg 04/32"]
[PlyCount "80"]
[WhiteFideId "16258320"]
[BlackFideId "16216059"]
[EventCountry "GER"]
[EventRounds "7"]
[EventType "team-swiss"]
[EventDate "2024.12.26"]

1. d4 d5 2. c4 c6 3. Nf3 g6 4. e3 Bg7 5. Be2 Nf6 6. O-O O-O 7. Nc3 Re8 8. Ne5
Ne4 9. Nxe4 dxe4 10. f4 f6 11. Ng4 Nd7 12. Nf2 f5 13. c5 b6 14. b4 a5 15. Qb3+
Kh8 16. cxb6 axb4 17. b7 Bxb7 18. Qxb4 Rb8 19. Bb2 Ba6 20. Qd2 Bxe2 21. Qxe2 c5
22. Rfd1 Qa5 23. Qd2 Qa4 24. Bc3 cxd4 25. Bxd4 e5 26. Bc3 Rb7 27. Qd5 Qa7 28.
g3 Nf6 29. Qd6 Rd7 30. Qb4 Rxd1+ 31. Nxd1 Ng4 32. Qb5 Rd8 33. Qe2 exf4 34.
Bxg7+ Qxg7 35. Rb1 fxe3 36. h3 Ne5 37. Qxe3 Nf3+ 38. Kf2 h6 39. g4 Rd2+ 40. Kg3
Qe5+ 0-1

[Event "DVM U20 2024"]
[Site "Breisach am Rhein GER"]
[Date "2024.12.28"]
[Round "3"]
[White "Jahrke, Jonas"]
[Black "Uhlmann, Jonas"]
[Result "0-1"]
[Termination "normal"]
[Board "8.2"]
[WhiteElo "1881"]
[BlackElo "1850"]
[WhiteTeam "SF Essen-Katernberg 04/32"]
[BlackTeam "OSG Baden-Baden"]
[PlyCount "42"]
[WhiteFideId "12984353"]
[BlackFideId "16258576"]
[EventCountry "GER"]
[EventRounds "7"]
[EventType "team-swiss"]
[EventDate "2024.12.26"]

1. b3 d5 2. Bb2 c5 3. e3 Nc6 4. f4 Nf6 5. Nf3 Bg4 6. Be2 e6 7. O-O Qc7 8. Ne5
Bxe2 9. Qxe2 Bd6 10. Ng4 d4 11. Na3 a6 12. c4 O-O-O 13. Nxf6 gxf6 14. exd4 Nxd4
15. Qf2 Bxf4 16. Bxd4 Bxh2+ 17. Kh1 Rxd4 18. Qxf6 Be5 19. Qh6 Qe7 20. Kg1 Rh4
21. Rxf7 Bd4+ 0-1

[Event "DVM U20 2024"]
[Site "Breisach am Rhein GER"]
[Date "2024.12.28"]
[Round "3"]
[White "Yin, Vito"]
[Black "Rasch, Lukas"]
[Result "0-1"]
[Termination "normal"]
[Board "8.3"]
[WhiteElo "1845"]
[BlackElo "1771"]
[WhiteTeam "OSG Baden-Baden"]
[BlackTeam "SF Essen-Katernberg 04/32"]
[PlyCount "126"]
[WhiteFideId "34601759"]
[BlackFideId "16272072"]
[EventCountry "GER"]
[EventRounds "7"]
[EventType "team-swiss"]
[EventDate "2024.12.26"]

1. c4 e5 2. Nc3 Nf6 3. g3 Bb4 4. Bg2 c6 5. Nf3 e4 6. Nd4 Bxc3 7. bxc3 O-O 8.
Ba3 d6 9. c5 d5 10. Qb3 Na6 11. c4 Re8 12. Rc1 Qa5 13. cxd5 Nxd5 14. e3 Ndb4
15. O-O Nd3 16. Rc3 Ndxc5 17. Qc2 Na4 18. Nb3 Qg5 19. Rc4 Nb6 20. Rxe4 Bf5 21.
Rxe8+ Rxe8 22. e4 Be6 23. f4 Qd8 24. d3 h6 25. f5 Bc8 26. Nc5 Nd7 27. Nxd7 Qxd7
28. f6 Qd4+ 29. Kh1 Nb4 30. Bxb4 Qxb4 31. fxg7 Re5 32. Qf2 Qe7 33. Qxa7 Kxg7
34. Qb8 Bg4 35. d4 Ra5 36. Qf4 Be2 37. Rf2 Bc4 38. Qg4+ Kh7 39. Qc8 Kg7 40.
Qg4+ Kh8 41. Qd1 Qg5 42. Bf3 Qe3 43. Kg2 Be6 44. g4 Ra3 45. d5 Bd7 46. Qa1+ Kg8
47. Qf6 Qg5 48. Qd6 Rxf3 49. Rxf3 Bxg4 50. Qf4 Bxf3+ 51. Kxf3 cxd5 52. Qxg5+
hxg5 53. exd5 f5 54. Kg3 Kf7 55. h4 gxh4+ 56. Kxh4 Kf6 57. d6 Ke6 58. Kg5 Kxd6
59. Kxf5 Kd5 60. Kf4 Kd4 61. Kf3 Kc3 62. Ke4 b5 63. a3 Kb3 0-1

[Event "DVM U20 2024"]
[Site "Breisach am Rhein GER"]
[Date "2024.12.28"]
[Round "3"]
[White "Beetz, Ole"]
[Black "Stankovic, David"]
[Result "1-0"]
[Termination "normal"]
[Board "8.4"]
[WhiteElo "1788"]
[BlackElo "1677"]
[WhiteTeam "SF Essen-Katernberg 04/32"]
[BlackTeam "OSG Baden-Baden"]
[PlyCount "55"]
[WhiteFideId "34628339"]
[BlackFideId "16240685"]
[EventCountry "GER"]
[EventRounds "7"]
[EventType "team-swiss"]
[EventDate "2024.12.26"]

1. e4 c5 2. Nf3 d6 3. d4 cxd4 4. Nxd4 Nf6 5. Nc3 g6 6. Be3 Bg7 7. f3 Nc6 8. Qd2
O-O 9. O-O-O Bd7 10. g4 Rc8 11. Kb1 Nxd4 12. Bxd4 a6 13. g5 Nh5 14. Bxg7 Nxg7
15. h4 b5 16. Bh3 Bxh3 17. Rxh3 Nh5 18. f4 Qd7 19. Rhh1 Qg4 20. Nd5 Rfe8 21.
Rhg1 Qxh4 22. Rde1 Rc5 23. f5 e6 24. Rh1 Qg3 25. Nf6+ Nxf6 26. gxf6 Qe5 27.
fxg6 Qxf6 28. Ref1 1-0

[Event "DVM U20 2024"]
[Site "Breisach am Rhein GER"]
[Date "2024.12.28"]
[Round "3"]
[White "Baihaghi, Arash"]
[Black "Becker, Samuel"]
[Result "1-0"]
[Termination "normal"]
[Board "8.5"]
[WhiteElo "1693"]
[BlackElo "1751"]
[WhiteTeam "OSG Baden-Baden"]
[BlackTeam "SF Essen-Katernberg 04/32"]
[PlyCount "25"]
[WhiteFideId "34604979"]
[BlackFideId "16271653"]
[EventCountry "GER"]
[EventRounds "7"]
[EventType "team-swiss"]
[EventDate "2024.12.26"]

1. e4 c5 2. Nf3 d6 3. d4 cxd4 4. Nxd4 Nf6 5. Bb5+ Bd7 6. c4 Nxe4 7. Qf3 Bxb5 8.
Nxb5 Qa5+ 9. Nd2 Nc5 10. b4 Qb6 11. bxc5 Qxc5 12. Qxb7 Qe5+ 13. Kf1 *

[Event "DVM U20 2024"]
[Site "Breisach am Rhein GER"]
[Date "2024.12.28"]
[Round "3"]
[White "Springmann, Simon"]
[Black "Baihaghi, Aryana"]
[Result "0-1"]
[Termination "normal"]
[Board "8.6"]
[WhiteElo "1464"]
[BlackElo "1736"]
[WhiteTeam "SF Essen-Katernberg 04/32"]
[BlackTeam "OSG Baden-Baden"]
[PlyCount "56"]
[WhiteFideId "533025096"]
[BlackFideId "34604960"]
[EventCountry "GER"]
[EventRounds "7"]
[EventType "team-swiss"]
[EventDate "2024.12.26"]

1. e4 e5 2. d4 exd4 3. Nf3 Nc6 4. Bc4 Bc5 5. c3 Nf6 6. e5 d5 7. Bb5 Ne4 8. Nxd4
Bd7 9. Bxc6 Bxc6 10. h4 Qe7 11. f3 Ng3 12. Rh3 Qxe5+ 13. Ne2 Qxe2+ 14. Qxe2+
Nxe2 15. Kxe2 O-O-O 16. Nd2 Rhe8+ 17. Kd1 d4 18. c4 d3 19. a3 Re2 20. f4 Bf2
21. Rxd3 Re1+ 22. Kc2 Rxd3 23. Kxd3 Bxg2 24. h5 f5 25. Nb3 Be4+ 26. Kc3 c5 27.
Bd2 Bd4+ 28. Nxd4 cxd4+ 0-1

[Event "DVM U20 2024"]
[Site "Breisach am Rhein GER"]
[Date "2024.12.28"]
[Round "4"]
[White "Hommel, Niclas"]
[Black "Baranyai-Molnar, Adam-Kristof"]
[Result "0-1"]
[Termination "normal"]
[Board "1.2"]
[WhiteElo "2125"]
[BlackElo "2250"]
[WhiteTeam "TSG Oberschöneweide"]
[BlackTeam "SF Neuberg"]
[PlyCount "102"]
[WhiteFideId "12974927"]
[BlackFideId "768022"]
[EventCountry "GER"]
[EventRounds "7"]
[EventType "team-swiss"]
[EventDate "2024.12.26"]

1. e4 e5 2. Nf3 Nc6 3. Bc4 Nf6 4. d3 h6 5. O-O d6 6. c3 g5 7. d4 g4 8. Ne1 Nxe4
9. f3 Nf6 10. fxg4 d5 11. dxe5 Bc5+ 12. Kh1 Nxg4 13. Qxd5 Qxd5 14. Bxd5 Ncxe5
15. h3 c6 16. Bb3 Nf2+ 17. Kh2 Bf5 18. Nd2 O-O-O 19. Ndf3 Nxf3+ 20. Nxf3 Bd3
21. Re1 Be4 22. Nd4 Rhg8 23. g3 Bd6 24. Rg1 Rg7 25. Be3 Nd3 26. Raf1 Rdg8 27.
Ne2 Ne5 28. Nd4 c5 29. Nf5 Bxf5 30. Rxf5 h5 31. Rg2 h4 32. Kg1 Rxg3 33. Bd5
R8g6 34. Bg5 Rxh3 35. Bxf7 Nxf7 36. Rxf7 Rg3 37. Rxg3 hxg3 38. Bf4 Bxf4 39.
Rxf4 Rd6 40. Rc4 Rd5 41. a4 Kd7 42. Kg2 Rg5 43. Rf4 Rg6 44. b3 Ke6 45. Re4+ Kd5
46. Rf4 b6 47. Rf7 a5 48. Rf4 Ke5 49. Rc4 Kf5 50. Rh4 Re6 51. b4 Re4 0-1

[Event "DVM U20 2024"]
[Site "Breisach am Rhein GER"]
[Date "2024.12.28"]
[Round "4"]
[White "Eull, Emil"]
[Black "Mimkes, Pavel"]
[Result "1-0"]
[Termination "normal"]
[Board "1.3"]
[WhiteElo "2145"]
[BlackElo "1998"]
[WhiteTeam "SF Neuberg"]
[BlackTeam "TSG Oberschöneweide"]
[PlyCount "63"]
[WhiteFideId "16253809"]
[BlackFideId "12990833"]
[EventCountry "GER"]
[EventRounds "7"]
[EventType "team-swiss"]
[EventDate "2024.12.26"]

1. e4 c5 2. Nf3 d6 3. c3 Nf6 4. Be2 g6 5. O-O Bg7 6. Bb5+ Nc6 7. d4 a6 8. Bxc6+
bxc6 9. e5 Nd5 10. c4 Nb6 11. exd6 Qxd6 12. Qb3 Nd7 13. dxc5 Nxc5 14. Qe3 Be6
15. Nc3 Bxc4 16. Rd1 Bd5 17. b3 Nd7 18. Bb2 Nf6 19. Ne4 Nxe4 20. Bxg7 Rg8 21.
Be5 Qd7 22. Rac1 Rd8 23. Qh6 f6 24. Bb2 e5 25. Ba3 Qa7 26. Rc2 Rd7 27. Qh3 Bf7
28. Re1 Nd6 29. Rxc6 Nf5 30. Rxf6 e4 31. Qxh7 Bd5 32. Qxg8+ 1-0

[Event "DVM U20 2024"]
[Site "Breisach am Rhein GER"]
[Date "2024.12.28"]
[Round "4"]
[White "Nguyen, Phuc Nhat"]
[Black "Nagel, Daniel"]
[Result "1/2-1/2"]
[Termination "normal"]
[Board "1.4"]
[WhiteElo "2031"]
[BlackElo "1985"]
[WhiteTeam "TSG Oberschöneweide"]
[BlackTeam "SF Neuberg"]
[PlyCount "74"]
[WhiteFideId "16253590"]
[BlackFideId "34605126"]
[EventCountry "GER"]
[EventRounds "7"]
[EventType "team-swiss"]
[EventDate "2024.12.26"]

1. e4 c5 2. Nf3 d6 3. d4 cxd4 4. Nxd4 Nf6 5. Nc3 g6 6. Be3 Bg7 7. f3 a6 8. Bc4
Nbd7 9. a4 Nc5 10. Qd2 h5 11. O-O O-O 12. Rfd1 Qc7 13. Nd5 Nxd5 14. Bxd5 e6 15.
Bb3 Nxb3 16. cxb3 Qe7 17. Ne2 d5 18. Rac1 Re8 19. Bc5 Qf6 20. Nc3 dxe4 21. Nxe4
Qxb2 22. Qxb2 Bxb2 23. Rc2 Bg7 24. Nd6 Rd8 25. Bb6 Rf8 26. Nxc8 Raxc8 27. Rxc8
Rxc8 28. Rd7 Rc3 29. b4 Rc4 30. Bc5 b6 31. Bxb6 Rxb4 32. a5 Rb1+ 33. Kf2 Be5
34. g3 Rb2+ 35. Kg1 Rb1+ 36. Kg2 Rb2+ 37. Kg1 Rb1+ 1/2-1/2

[Event "DVM U20 2024"]
[Site "Breisach am Rhein GER"]
[Date "2024.12.28"]
[Round "4"]
[White "Feick, Claas Marten"]
[Black "Ho, Ngoc Hai-Dang"]
[Result "1/2-1/2"]
[Termination "normal"]
[Board "1.5"]
[WhiteElo "1840"]
[BlackElo "1909"]
[WhiteTeam "SF Neuberg"]
[BlackTeam "TSG Oberschöneweide"]
[PlyCount "68"]
[WhiteFideId "34634169"]
[BlackFideId "16206509"]
[EventCountry "GER"]
[EventRounds "7"]
[EventType "team-swiss"]
[EventDate "2024.12.26"]

1. e4 e5 2. Nf3 Nc6 3. d4 exd4 4. Bc4 Bb4+ 5. c3 dxc3 6. bxc3 Ba5 7. O-O d6 8.
Re1 Be6 9. Bxe6 fxe6 10. Qb3 Bb6 11. Qxe6+ Qe7 12. Qxe7+ Ngxe7 13. Nbd2 O-O 14.
Nc4 Ng6 15. Nxb6 axb6 16. Nd4 Nce5 17. Rd1 Kf7 18. f4 Nc4 19. Nb5 c6 20. Nxd6+
Nxd6 21. Rxd6 Ke7 22. Rxg6 hxg6 23. Be3 c5 24. Rb1 Ra6 25. Rxb6 Rxb6 26. Bxc5+
Kf7 27. Bxb6 Ra8 28. Kf2 Rxa2+ 29. Kf3 Ra3 30. Bd4 b5 31. Kg4 Ra4 32. Kf3 Ra3
33. Kg4 Ra4 34. Kf3 Ra3 1/2-1/2

[Event "DVM U20 2024"]
[Site "Breisach am Rhein GER"]
[Date "2024.12.28"]
[Round "4"]
[White "Kilic, Hasan"]
[Black "Pomrehn, Ole Magnus"]
[Result "0-1"]
[Termination "normal"]
[Board "1.6"]
[WhiteElo "1741"]
[BlackElo "1735"]
[WhiteTeam "TSG Oberschöneweide"]
[BlackTeam "SF Neuberg"]
[PlyCount "129"]
[WhiteFideId "34613404"]
[BlackFideId "16232704"]
[EventCountry "GER"]
[EventRounds "7"]
[EventType "team-swiss"]
[EventDate "2024.12.26"]

1. e4 e5 2. Nc3 Nf6 3. f4 d5 4. fxe5 Nxe4 5. Qf3 Nc6 6. Bb5 Nxc3 7. dxc3 Qh4+
8. g3 Qe4+ 9. Be3 Bd7 10. Qxe4 dxe4 11. Bf4 O-O-O 12. O-O-O Nxe5 13. Bxd7+ Nxd7
14. Re1 Re8 15. Nf3 Bc5 16. Nd2 f5 17. Nb3 Bb6 18. Rhf1 Rhf8 19. Nd4 Ne5 20.
Bxe5 Rxe5 21. h4 g6 22. Nf3 Ree8 23. Nd4 c6 24. a3 Bc7 25. Ne2 h6 26. Rf2 Rf6
27. Nf4 g5 28. Nh5 Rf7 29. Ref1 Ref8 30. Re2 Bb6 31. b3 e3 32. Rf3 f4 33. gxf4
gxf4 34. Kb2 Bd8 35. Rh2 Re8 36. Re2 Bxh4 37. Rxf4 Rxf4 38. Nxf4 Bf2 39. c4 Rf8
40. Ng2 Rf3 41. Kc3 Rg3 42. Nf4 Kd7 43. Kd3 Kd6 44. Ke4 Rg4 45. Kf3 Rg5 46. Ke4
h5 47. Nd3 Bg1 48. c5+ Ke7 49. Ne5 Bf2 50. Nd3 Rg2 51. Nf4 Rg4 52. Kf5 Rxf4+
53. Kxf4 h4 54. c4 h3 55. Kf3 h2 56. Kg2 Bg1 57. b4 Ke6 58. a4 Ke5 59. a5 a6
60. b5 Kd4 61. bxa6 bxa6 62. Kh1 Kd3 63. Ra2 e2 64. Ra1 Kd2 65. Rf1 0-1

[Event "DVM U20 2024"]
[Site "Breisach am Rhein GER"]
[Date "2024.12.28"]
[Round "4"]
[White "Garner, Isaac"]
[Black "Gallasch, Jonas"]
[Result "1-0"]
[Termination "normal"]
[Board "2.1"]
[BlackTitle "FM"]
[WhiteElo "2334"]
[BlackElo "2309"]
[WhiteTeam "Hamburger SK 1830"]
[BlackTeam "SG Porz"]
[PlyCount "101"]
[WhiteFideId "16239261"]
[BlackFideId "16222474"]
[EventCountry "GER"]
[EventRounds "7"]
[EventType "team-swiss"]
[EventDate "2024.12.26"]

1. d4 Nf6 2. c4 g6 3. Nc3 Bg7 4. e4 d6 5. Nf3 O-O 6. Be2 e5 7. d5 a5 8. h3 Na6
9. Bg5 Qe8 10. g4 Nd7 11. Rg1 Ndc5 12. Be3 Kh8 13. h4 f5 14. gxf5 gxf5 15. Ng5
h6 16. Bh5 Qe7 17. Bg6 fxe4 18. Ncxe4 Nxe4 19. Bxe4 Nc5 20. Bxc5 dxc5 21. Qh5
Qf6 22. O-O-O Qf4+ 23. Kb1 Bd7 24. Qg6 Bf5 25. Bxf5 Qxf5+ 26. Qxf5 Rxf5 27. Ne6
Rf7 28. Rg6 Re8 29. Rdg1 Ree7 30. R1g2 b6 31. Kc2 e4 32. Kd2 Bxb2 33. Rg8+ Kh7
34. Nf8+ Rxf8 35. Rxf8 Bg7 36. Rf4 Bd4 37. Ke2 e3 38. f3 Rd7 39. a4 Re7 40. Re4
Rf7 41. Re6 Bf6 42. Rg4 Bd4 43. Rgg6 Bg7 44. Kxe3 Bd4+ 45. Ke4 Bg7 46. f4 Rd7
47. f5 Rf7 48. h5 Rd7 49. f6 Bf8 50. Re8 Rf7 51. Kf5 1-0

[Event "DVM U20 2024"]
[Site "Breisach am Rhein GER"]
[Date "2024.12.28"]
[Round "4"]
[White "Gluma, Christian"]
[Black "Weihrauch, Jakob"]
[Result "1-0"]
[Termination "normal"]
[Board "2.2"]
[BlackTitle "FM"]
[WhiteElo "2145"]
[BlackElo "2246"]
[WhiteTeam "SG Porz"]
[BlackTeam "Hamburger SK 1830"]
[PlyCount "85"]
[WhiteFideId "16223209"]
[BlackFideId "16210115"]
[EventCountry "GER"]
[EventRounds "7"]
[EventType "team-swiss"]
[EventDate "2024.12.26"]

1. e4 c5 2. Nc3 d6 3. d4 cxd4 4. Qxd4 Nc6 5. Qd2 Nf6 6. b3 e6 7. Bb2 d5 8. exd5
exd5 9. O-O-O Be6 10. Bd3 Bd6 11. Nge2 a6 12. f4 O-O 13. f5 Bd7 14. g4 d4 15.
Ne4 Nxe4 16. Bxe4 Re8 17. Bd3 Nb4 18. Nxd4 Nxa2+ 19. Kb1 Nb4 20. c3 Nxd3 21.
Qxd3 Qb6 22. Nc2 Bc6 23. Qxd6 Rad8 24. Qf4 Bxh1 25. Rxh1 Qxb3 26. Nd4 Qd5 27.
Rd1 Re4 28. Qg5 b5 29. Rd2 Re1+ 30. Bc1 b4 31. c4 Qe4+ 32. Nc2 Re8 33. f6 Qg6
34. Qxg6 Rxc1+ 35. Kxc1 hxg6 36. Nxb4 Re4 37. Rc2 gxf6 38. Nxa6 Kf8 39. c5 Ke7
40. c6 Kd8 41. c7+ Kc8 42. Rb2 Rc4+ 43. Kb1 1-0

[Event "DVM U20 2024"]
[Site "Breisach am Rhein GER"]
[Date "2024.12.28"]
[Round "4"]
[White "Avdic, Faris"]
[Black "Menzel, Maximilian"]
[Result "1/2-1/2"]
[Termination "normal"]
[Board "2.3"]
[WhiteElo "2241"]
[BlackElo "2173"]
[WhiteTeam "Hamburger SK 1830"]
[BlackTeam "SG Porz"]
[PlyCount "55"]
[WhiteFideId "14422328"]
[BlackFideId "34617280"]
[EventCountry "GER"]
[EventRounds "7"]
[EventType "team-swiss"]
[EventDate "2024.12.26"]

1. d4 Nf6 2. c4 e6 3. Nf3 b6 4. a3 Bb7 5. Nc3 d5 6. Qc2 Be7 7. cxd5 Nxd5 8. e4
Nxc3 9. bxc3 O-O 10. Bc4 c5 11. O-O Nc6 12. Rd1 cxd4 13. cxd4 Na5 14. Ba2 Qc8
15. Qe2 Ba6 16. Qe1 Bc4 17. Bd2 Nb3 18. Bxb3 Bxb3 19. Rdc1 Qb7 20. Bb4 Rfc8 21.
Nd2 Bc2 22. f3 a5 23. Bxe7 Qxe7 24. Nf1 Qd6 25. Qd2 Bb3 26. Qb2 a4 27. Nd2 b5
28. Nxb3 1/2-1/2